[Event "Dutton CC ch"]
[Site "Toronto CAN"]
[Date "2002.05.22"]
[Round "1"]
[White "Hutchinson, Alan"]
[Black "Dutton, Warren"]
[Result "0-1"]
[WhiteElo "1893"]
[BlackElo "1993"]
[PlyCount "70"]
[EventDate "2002.05.22"]
[EventType "swiss"]
[EventRounds "6"]
[EventCountry "CAN"]

1. Nf3 g6 2. d4 Nf6 3. Bg5 Bg7 4. Bxf6 Bxf6 5. e4 d6 6. Bc4 O-O 7. O-O Nc6 8.
c3 Bg7 9. Re1 a6 10. a4 h6 11. Nbd2 Kh8 12. Nf1 e5 13. dxe5 Nxe5 14. Nxe5 Bxe5
15. Ng3 Qg5 16. Qb3 Kg7 17. Rad1 h5 18. Qc2 b5 19. Bf1 Qf4 20. Qd2 Qxd2 21.
Rxd2 bxa4 22. Rd5 Bd7 23. Ra5 Rfb8 24. Re2 h4 25. Nh1 Bb5 26. Rd2 Bf6 27. Bxb5
axb5 28. Rxa8 Rxa8 29. Rd5 a3 30. bxa3 Rxa3 31. g3 h3 32. Rd1 Bxc3 33. f4 c5
34. Nf2 Bd4 35. Kf1 Rf3 0-1

[Event "Dutton CC ch"]
[Site "Toronto CAN"]
[Date "2002.05.22"]
[Round "1"]
[White "Thavandiran, Shiyam"]
[Black "Henderson, Fred"]
[Result "0-1"]
[WhiteElo "1851"]
[BlackElo "1948"]
[PlyCount "56"]
[EventDate "2002.05.22"]
[EventType "swiss"]
[EventRounds "6"]
[EventCountry "CAN"]

1. e4 c5 2. Nc3 Nc6 3. g3 g6 4. Bg2 Bg7 5. Nge2 d6 6. d3 e5 7. O-O Be6 8. f4
Nge7 9. fxe5 dxe5 10. Bg5 Qd7 11. a3 O-O 12. Qd2 f6 13. Be3 Nd4 14. Rf2 Rad8
15. b4 c4 16. Nd5 Nxd5 17. Bxd4 exd4 18. exd5 Bxd5 19. Bxd5+ Qxd5 20. dxc4 Qxc4
21. Rd1 f5 22. Qd3 Qxd3 23. Rxd3 Rfe8 24. Nc1 Bh6 25. Rf1 Be3+ 26. Kg2 Rc8 27.
Ne2 Rxc2 28. Kf3 g5 0-1

[Event "Dutton CC ch"]
[Site "Toronto CAN"]
[Date "2002.05.22"]
[Round "1"]
[White "Vergara, Isaiah"]
[Black "Haziprodromu, Sam"]
[Result "0-1"]
[WhiteElo "1809"]
[BlackElo "1927"]
[PlyCount "50"]
[EventDate "2002.05.22"]
[EventType "swiss"]
[EventRounds "6"]
[EventCountry "CAN"]

1. f4 e5 2. fxe5 d6 3. e6 Bxe6 4. Nf3 Nf6 5. e3 Be7 6. b3 O-O 7. Bb2 c5 8. Bd3
Nc6 9. a3 d5 10. Ng5 Bg4 11. Be2 Bxe2 12. Qxe2 h6 13. Nf3 Rc8 14. O-O d4 15. d3
dxe3 16. Qxe3 Nd5 17. Qf2 b6 18. Nbd2 Nd4 19. Ne4 f5 20. Ng3 f4 21. Ne2 Nxc2
22. Nxf4 Nxf4 23. Qxc2 Qxd3 24. Qd1 Qg6 25. Qd2 Rcd8 0-1

[Event "Dutton CC ch"]
[Site "Toronto CAN"]
[Date "2002.05.29"]
[Round "2"]
[White "Dutton, Warren"]
[Black "Haziprodromu, Sam"]
[Result "1-0"]
[WhiteElo "1993"]
[BlackElo "1927"]
[PlyCount "87"]
[EventDate "2002.05.22"]
[EventType "swiss"]
[EventRounds "6"]
[EventCountry "CAN"]

1. e4 e5 2. Nf3 Nc6 3. Bc4 Bc5 4. O-O d6 5. h3 Nf6 6. c3 Bb6 7. Re1 O-O 8. Bf1
Re8 9. Qc2 h6 10. Na3 Be6 11. Nc4 Nh5 12. Nxb6 axb6 13. d4 Bd7 14. d5 Ne7 15.
Qd1 Ng6 16. g3 Nf6 17. Bg2 Qe7 18. Qc2 c6 19. c4 cxd5 20. exd5 Rec8 21. Qb3 Qd8
22. Be3 Ra6 23. Qb4 Qc7 24. b3 Ne7 25. Nxe5 Nf5 26. Nxd7 Nxd7 27. a4 Nc5 28.
Rad1 Qd7 29. Bxc5 bxc5 30. Qc3 Rb6 31. Be4 Nd4 32. Bc2 Nxc2 33. Qxc2 Qxh3 34.
Re4 Ra6 35. Rde1 Raa8 36. Re7 Rab8 37. R1e4 Kf8 38. Qe2 g5 39. Qb2 Kg8 40. Qf6
Qh5 41. R4e6 b5 42. axb5 Ra8 43. Re1 g4 44. b6 1-0

[Event "Dutton CC ch"]
[Site "Toronto CAN"]
[Date "2002.05.29"]
[Round "2"]
[White "Lucki, Arnie"]
[Black "Boross Harmer, Peter"]
[Result "1-0"]
[WhiteElo "1900"]
[BlackElo "2046"]
[PlyCount "31"]
[EventDate "2002.05.22"]
[EventType "swiss"]
[EventRounds "6"]
[EventCountry "CAN"]

1. f4 d5 2. Nf3 Nc6 3. e3 Bf5 4. Bb5 Qd6 5. O-O O-O-O 6. b3 Nb4 7. Nd4 Qg6 8.
Na3 Be4 9. Rf2 c5 10. c3 cxd4 11. cxb4 e6 12. Bb2 dxe3 13. dxe3 Bxb4 14. Qd4
Bxa3 15. Qxa7 Bxb2 16. Rxb2 1-0

[Event "Dutton CC ch"]
[Site "Toronto CAN"]
[Date "2002.05.29"]
[Round "2"]
[White "Verde, Pino"]
[Black "Richardson, Ross"]
[Result "0-1"]
[WhiteElo "1831"]
[BlackElo "1959"]
[PlyCount "62"]
[EventDate "2002.05.22"]
[EventType "swiss"]
[EventRounds "6"]
[EventCountry "CAN"]

1. e4 c5 2. f4 Nc6 3. Nf3 g6 4. Bc4 Bg7 5. c3 e6 6. Bb3 d6 7. Na3 Nf6 8. Bc2
O-O 9. Nc4 b5 10. Nxd6 Qxd6 11. e5 Qc7 12. exf6 Bxf6 13. d3 e5 14. O-O exf4 15.
Nd2 Bf5 16. Ne4 Bxe4 17. Bxf4 Be5 18. Bxe5 Nxe5 19. dxe4 Rad8 20. Qe2 c4 21.
Rad1 a6 22. Rd5 Rxd5 23. exd5 Qc5+ 24. Kh1 Qxd5 25. Be4 Qc5 26. Rd1 Qc7 27. Rd5
f5 28. Bc2 Ng4 29. Qe6+ Qf7 30. Qxf7+ Rxf7 31. Bd1 Re7 0-1

[Event "Dutton CC ch"]
[Site "Toronto CAN"]
[Date "2002.06.05"]
[Round "3"]
[White "Richardson, Ross"]
[Black "Dutton, Warren"]
[Result "1-0"]
[WhiteElo "1959"]
[BlackElo "1993"]
[PlyCount "77"]
[EventDate "2002.05.22"]
[EventType "swiss"]
[EventRounds "6"]
[EventCountry "CAN"]

1. d4 Nf6 2. c4 g6 3. Nc3 d5 4. cxd5 Nxd5 5. e4 Nxc3 6. bxc3 Bg7 7. Bc4 O-O 8.
Be3 c5 9. Ne2 Nc6 10. O-O cxd4 11. cxd4 Qa5 12. Rb1 Rd8 13. Qb3 Nxd4 14. Nxd4
Bxd4 15. Bxf7+ Kg7 16. Bxd4+ Rxd4 17. Bg8 e6 18. Bxe6 Qe5 19. Bxc8 Rxc8 20.
Rbe1 b6 21. f4 Qc5 22. Kh1 Qc4 23. Qb2 Re8 24. Rc1 Qb4 25. Rc7+ Kg8 26. Qxb4
Rxb4 27. e5 a5 28. g4 Rf8 29. f5 Rxg4 30. f6 Re4 31. Rg7+ Kh8 32. Re7 g5 33.
Rc1 a4 34. Rcc7 Rh4 35. e6 g4 36. Kg2 b5 37. Red7 g3 38. hxg3 Re4 39. Rxh7+ 1-0

[Event "Dutton CC ch"]
[Site "Toronto CAN"]
[Date "2002.06.05"]
[Round "3"]
[White "Shah, Omar"]
[Black "Lucki, Arnie"]
[Result "1-0"]
[WhiteElo "1909"]
[BlackElo "1900"]
[PlyCount "61"]
[EventDate "2002.05.22"]
[EventType "swiss"]
[EventRounds "6"]
[EventCountry "CAN"]

1. e4 c5 2. Nf3 d6 3. d4 cxd4 4. Nxd4 Nf6 5. Nc3 g6 6. Be3 Bg7 7. f3 O-O 8. Bc4
Nc6 9. Qd2 Bd7 10. O-O-O Qa5 11. Kb1 Rfc8 12. Bb3 Ne5 13. h4 Nc4 14. Bxc4 Rxc4
15. Nb3 Qa6 16. Bh6 Bh8 17. h5 Rxc3 18. bxc3 Rc8 19. hxg6 hxg6 20. Bf8 Rxf8 21.
Rxh8+ Kxh8 22. Qh6+ Kg8 23. Rh1 Nh5 24. g4 d5 25. gxh5 g5 26. Qxg5+ Kh7 27.
Qxe7 Rg8 28. Qxd7 Qb6 29. Qxf7+ Rg7 30. Qxd5 a5 31. Qxa5 1-0

[Event "Dutton CC ch"]
[Site "Toronto CAN"]
[Date "2002.06.12"]
[Round "4"]
[White "Blakely, Matt"]
[Black "Verde, Pino"]
[Result "1-0"]
[WhiteElo "1951"]
[BlackElo "1831"]
[PlyCount "96"]
[EventDate "2002.05.22"]
[EventType "swiss"]
[EventRounds "6"]
[EventCountry "CAN"]

1. d4 d6 2. c4 Nf6 3. Nf3 Nbd7 4. Nc3 c6 5. e4 e5 6. g3 Be7 7. Bg2 Qc7 8. O-O
h6 9. Qe2 Nf8 10. h3 Bd7 11. Rd1 Ng6 12. Rb1 Qc8 13. Kh2 h5 14. Bg5 Ng4+ 15.
Kg1 f6 16. hxg4 Bxg4 17. Be3 h4 18. d5 h3 19. Bh1 h2+ 20. Kf1 f5 21. Rd3 f4 22.
Bd2 fxg3 23. fxg3 Rf8 24. Qxh2 Rh8 25. Qg1 Kd7 26. b3 Qf8 27. dxc6+ bxc6 28.
Ke2 Qf7 29. Rf1 Nf8 30. Ke1 Qh5 31. c5 Ne6 32. cxd6 Bd8 33. Be3 Ba5 34. a3 Bb6
35. Bxb6 axb6 36. Qxb6 Rhb8 37. Qf2 Rf8 38. Na4 Rxa4 39. bxa4 c5 40. Qb2 Nd4
41. Qb7+ Kxd6 42. Qd5+ Ke7 43. Qxc5+ Ke8 44. Qxe5+ Qxe5 45. Nxe5 Rxf1+ 46. Kxf1
Be2+ 47. Kf2 Bxd3 48. Nxd3 Nc2 1-0

[Event "Dutton CC ch"]
[Site "Toronto CAN"]
[Date "2002.06.12"]
[Round "4"]
[White "Dutton, Warren"]
[Black "Sviridovitch, Alina"]
[Result "1-0"]
[WhiteElo "2000"]
[BlackElo "1870"]
[PlyCount "41"]
[EventDate "2002.05.22"]
[EventType "swiss"]
[EventRounds "6"]
[EventCountry "CAN"]

1. e4 c5 2. Nf3 e6 3. Nc3 d6 4. d4 cxd4 5. Nxd4 a6 6. Be2 Nf6 7. O-O Nbd7 8. f4
b5 9. a3 Bb7 10. Bf3 Qc7 11. Kh1 Be7 12. Re1 Nc5 13. e5 Nfd7 14. exd6 Bxd6 15.
Ndxb5 Qb6 16. Nxd6+ Ke7 17. Nxb7 Nxb7 18. Nd5+ Kf8 19. Nxb6 Nxb6 20. Bxb7 Nd5
21. Bxa8 1-0

[Event "Dutton CC ch"]
[Site "Toronto CAN"]
[Date "2002.06.12"]
[Round "4"]
[White "Lucki, Arnie"]
[Black "Hier, David"]
[Result "1-0"]
[WhiteElo "2500"]
[BlackElo "2500"]
[PlyCount "81"]
[EventDate "2002.05.22"]
[EventType "swiss"]
[EventRounds "6"]
[EventCountry "CAN"]

1. d4 Nf6 2. Nf3 e6 3. g3 d5 4. Bg2 Bd6 5. O-O O-O 6. b3 c5 7. dxc5 Bxc5 8. Bb2
Nc6 9. Nc3 Bd7 10. Na4 Be7 11. Qc1 Rc8 12. Qe3 Nb4 13. Qxa7 Bxa4 14. Qxa4 Rxc2
15. Bxf6 gxf6 16. Nd4 Rc8 17. Qb5 Ra8 18. a3 Na6 19. b4 Rb8 20. Rfc1 Nc7 21.
Qd3 e5 22. Nf5 e4 23. Qd2 Ne6 24. Qh6 Re8 25. Qh5 Bf8 26. Rd1 Nc7 27. Rac1 Re5
28. f3 Ne8 29. Qg4+ Ng7 30. Nh6+ Kh8 31. Nxf7+ Kg8 32. Nxd8 Rxd8 33. f4 Rh5 34.
Rc7 Rh6 35. Bxe4 dxe4 36. Rxd8 Rg6 37. Rxf8+ Kxf8 38. Qc8+ Ne8 39. Rxh7 Rg8 40.
Qc5+ Nd6 41. Qxd6+ 1-0

[Event "Dutton CC ch"]
[Site "Toronto CAN"]
[Date "2002.06.12"]
[Round "4"]
[White "Sherman, Robert"]
[Black "Vergara, Isaiah"]
[Result "1-0"]
[WhiteElo "1888"]
[BlackElo "1809"]
[PlyCount "49"]
[EventDate "2002.05.22"]
[EventType "swiss"]
[EventRounds "6"]
[EventCountry "CAN"]

1. e4 c6 2. d4 d5 3. Nc3 dxe4 4. Nxe4 Bf5 5. Ng3 Bg6 6. Nf3 h6 7. Ne5 Bh7 8.
Bc4 e6 9. Qe2 Nf6 10. Nxf7 Qe7 11. Nxh8 Nd5 12. O-O Nd7 13. Qh5+ Kd8 14. Nf7+
Kc7 15. Ne5 Bg8 16. Bxd5 cxd5 17. Bf4 Qf6 18. Nxd7+ Qxf4 19. Nxf8 Qxf8 20. Rac1
b5 21. b3 g5 22. c4 dxc4 23. bxc4 b4 24. Qe2 Qd6 25. Qe5 1-0

[Event "Dutton CC ch"]
[Site "Toronto CAN"]
[Date "2002.06.19"]
[Round "5"]
[White "Dutton, Warren"]
[Black "Shah, Omar"]
[Result "1/2-1/2"]
[WhiteElo "2000"]
[BlackElo "1950"]
[PlyCount "81"]
[EventDate "2002.05.22"]
[EventType "swiss"]
[EventRounds "6"]
[EventCountry "CAN"]

1. e4 c5 2. Nf3 d6 3. d4 cxd4 4. Nxd4 Nf6 5. Nc3 a6 6. a4 e6 7. Be2 Be7 8. O-O
O-O 9. Kh1 b6 10. f4 Qc7 11. Bf3 Bb7 12. Be3 Nbd7 13. Qe1 Rac8 14. Qg3 Rfe8 15.
Rae1 Bf8 16. Qh4 e5 17. Nf5 exf4 18. Bxf4 Ne5 19. Bd1 Ng6 20. Qg3 Nxf4 21. Rxf4
g6 22. Qh4 Nd7 23. Nh6+ Bxh6 24. Qxh6 Ne5 25. Be2 Qe7 26. Bxa6 Rxc3 27. Bxb7
Rxc2 28. Bd5 Qf8 29. Qh3 Qg7 30. Qb3 Rec8 31. Rff1 R8c7 32. Qxb6 Nd3 33. Rb1
Qe5 34. a5 Kg7 35. a6 Rxg2 36. Kxg2 Rc2+ 37. Rf2 Qg5+ 38. Kf1 Rxf2+ 39. Qxf2
Nxf2 40. Kxf2 Qd2+ 41. Kg1 1/2-1/2

[Event "Dutton CC ch"]
[Site "Toronto CAN"]
[Date "2002.06.19"]
[Round "5"]
[White "Garel, Rick"]
[Black "Haziprodromu, Sam"]
[Result "1-0"]
[WhiteElo "1926"]
[BlackElo "1871"]
[PlyCount "47"]
[EventDate "2002.05.22"]
[EventType "swiss"]
[EventRounds "6"]
[EventCountry "CAN"]

1. e4 c5 2. Nf3 e6 3. d4 cxd4 4. Nxd4 Nf6 5. Nc3 Qc7 6. Ndb5 Qa5 7. Bd2 Qd8 8.
e5 Ng8 9. Ne4 Nc6 10. Qh5 g6 11. Ned6+ Bxd6 12. Nxd6+ Kf8 13. Bh6+ Nxh6 14.
Qxh6+ Kg8 15. Qf4 Qe7 16. h4 h6 17. O-O-O Kg7 18. Rh3 f6 19. Nxc8 Rhxc8 20.
exf6+ Qxf6 21. Rxd7+ Ne7 22. Qxf6+ Kxf6 23. Rf3+ Nf5 24. g4 1-0

[Event "Dutton CC ch"]
[Site "Toronto CAN"]
[Date "2002.06.19"]
[Round "5"]
[White "Richardson, Ross"]
[Black "Blakely, Matt"]
[Result "0-1"]
[WhiteElo "1959"]
[BlackElo "1951"]
[PlyCount "70"]
[EventDate "2002.05.22"]
[EventType "swiss"]
[EventRounds "6"]
[EventCountry "CAN"]

1. Nf3 d5 2. d4 Nf6 3. c4 c6 4. Nc3 e6 5. cxd5 exd5 6. Bg5 Be7 7. Qc2 O-O 8. e3
Re8 9. Bd3 h6 10. Bf4 Nbd7 11. O-O Nh5 12. Nxd5 Nxf4 13. Nxf4 Bd6 14. Ne2 Nf8
15. h3 Ne6 16. e4 Bc7 17. Rad1 Ng5 18. Nxg5 hxg5 19. f3 Qd6 20. e5 Qh6 21. Bf5
Bb6 22. Kh1 c5 23. dxc5 Rxe5 24. Ng3 Rxc5 25. Qxc5 Bxc5 26. Rd8+ Bf8 27. Bxc8
Qb6 28. Rfd1 Qc7 29. Nf5 Rxc8 30. Ne7+ Qxe7 31. Rxc8 Kh7 32. Rdd8 Qe1+ 33. Kh2
Qe5+ 34. Kh1 Bd6 35. Rh8+ Kg6 0-1

[Event "Dutton CC ch"]
[Site "Toronto CAN"]
[Date "2002.06.19"]
[Round "5"]
[White "Sherman, Robert"]
[Black "Lucki, Arnie"]
[Result "0-1"]
[WhiteElo "1888"]
[BlackElo "1858"]
[PlyCount "61"]
[EventDate "2002.05.22"]
[EventType "swiss"]
[EventRounds "6"]
[EventCountry "CAN"]

1. e4 e5 2. Bc4 Nf6 3. d4 exd4 4. Nf3 Bb4+ 5. c3 dxc3 6. bxc3 Bc5 7. e5 d5 8.
exf6 dxc4 9. Qa4+ Nd7 10. O-O Qxf6 11. Re1+ Kf8 12. Qxc4 Qc6 13. Qe2 Nf6 14.
Ne5 Qa6 15. Nd3 Bg4 16. Qe5 Bd6 17. Qd4 Qb6 18. Qe4 Be6 19. Qh4 Rd8 20. Nb4 c5
21. Nc2 h6 22. Nba3 Be7 23. Qg3 Qd6 24. Bf4 Qd3 25. Re3 Qf5 26. Bc7 Rd2 27. Rf3
Qg4 28. Ne3 Qxg3 29. Rxg3 Ne4 30. Rf3 Nxc3 31. Rc1 0-1

[Event "Dutton CC ch"]
[Site "Toronto CAN"]
[Date "2002.06.26"]
[Round "6"]
[White "Bergeron, Florian"]
[Black "Garel, Rick"]
[Result "1-0"]
[WhiteElo "1866"]
[BlackElo "1932"]
[PlyCount "39"]
[EventDate "2002.05.22"]
[EventType "swiss"]
[EventRounds "6"]
[EventCountry "CAN"]

1. d4 Nf6 2. c4 e5 3. dxe5 Ng4 4. Nf3 Nc6 5. Nc3 Bb4 6. a3 Bxc3+ 7. bxc3 Ngxe5
8. Nxe5 Nxe5 9. e4 d6 10. f4 Bg4 11. Be2 Bxe2 12. Qxe2 Nc6 13. O-O Qf6 14. Bd2
O-O 15. Rab1 b6 16. Qd3 Rae8 17. Rbe1 Na5 18. f5 Qe5 19. f6 Re6 20. Rf5 1-0

[Event "Dutton CC ch"]
[Site "Toronto CAN"]
[Date "2002.06.26"]
[Round "6"]
[White "Blakely, Matt"]
[Black "Dutton, Warren"]
[Result "1-0"]
[WhiteElo "1951"]
[BlackElo "1993"]
[PlyCount "111"]
[EventDate "2002.05.22"]
[EventType "swiss"]
[EventRounds "6"]
[EventCountry "CAN"]

1. d4 Nf6 2. Nf3 d5 3. c4 e6 4. Nc3 c6 5. Bg5 Be7 6. e3 h6 7. Bh4 O-O 8. Bd3 a5
9. O-O Na6 10. c5 Nd7 11. Bg3 f5 12. Bxa6 Rxa6 13. Ne1 b5 14. Nd3 Nf6 15. Ne5
Kh7 16. a3 Qe8 17. b4 a4 18. f3 g5 19. Qd3 Kg7 20. e4 dxe4 21. fxe4 f4 22. Bf2
Qh5 23. Qf3 Qxf3 24. gxf3 Rd8 25. Rfd1 Bb7 26. Rac1 h5 27. h3 Raa8 28. Kh2 Rg8
29. Rg1 Kf8 30. Ne2 Re8 31. h4 Nh7 32. Rg2 Rg7 33. Rcg1 Bf6 34. Nd7+ Rxd7 35.
hxg5 Nxg5 36. Rxg5 Bxg5 37. Rxg5 e5 38. Rxh5 Kg7 39. Kg2 Kg6 40. Rh4 Rh7 41.
Rg4+ Kf7 42. dxe5 Bc8 43. Rxf4+ Ke7 44. Bh4+ Kd7 45. Bg3 Rxe5 46. Nd4 Reh5 47.
Rf8 Re7 48. e5 Kc7 49. e6+ Kb7 50. Bd6 Rxe6 51. Rf7+ Ka8 52. Nxc6 Rg6+ 53. Kf2
Rh2+ 54. Ke3 Re6+ 55. Kf4 Rh4+ 56. Kg5 1-0

[Event "Dutton CC ch"]
[Site "Toronto CAN"]
[Date "2002.06.26"]
[Round "6"]
[White "Lucki, Arnie"]
[Black "Richardson, Ross"]
[Result "1-0"]
[WhiteElo "1914"]
[BlackElo "1921"]
[PlyCount "63"]
[EventDate "2002.05.22"]
[EventType "swiss"]
[EventRounds "6"]
[EventCountry "CAN"]

1. d4 f5 2. e4 fxe4 3. Nc3 Nf6 4. Bg5 Nc6 5. d5 Ne5 6. Qd4 Nf7 7. h4 c6 8.
O-O-O Qb6 9. Bxf6 gxf6 10. Qxe4 Qxf2 11. Nf3 Bh6+ 12. Kb1 Qe3 13. Qg4 d6 14.
Qh5 Rg8 15. dxc6 bxc6 16. Bc4 Rg6 17. Rhe1 Qf4 18. Bxf7+ Kxf7 19. Ng5+ Bxg5 20.
Qxh7+ Rg7 21. Rxe7+ Kxe7 22. Qxg7+ Kd8 23. hxg5 fxg5 24. g3 Qxg3 25. Ne4 Qg4
26. Qf8+ Kc7 27. Qxd6+ Kb6 28. Qd8+ Ka6 29. Nc5+ Kb5 30. a4+ Kxc5 31. Qa5+ Kc4
32. Qc3# 1-0

[Event "Dutton CC ch"]
[Site "Toronto CAN"]
[Date "2002.06.26"]
[Round "6"]
[White "Shah, Omar"]
[Black "Sherman, Robert"]
[Result "1-0"]
[WhiteElo "1909"]
[BlackElo "1888"]
[PlyCount "49"]
[EventDate "2002.05.22"]
[EventType "swiss"]
[EventRounds "6"]
[EventCountry "CAN"]

1. e4 c5 2. Nf3 d6 3. d4 cxd4 4. Nxd4 Nf6 5. Nc3 g6 6. Be3 Bg7 7. f3 O-O 8. Bc4
Nc6 9. Qd2 Bd7 10. O-O-O Qb8 11. h4 b5 12. Nxc6 Bxc6 13. Bb3 a5 14. Bh6 a4 15.
Bd5 b4 16. Bxg7 Kxg7 17. Bxc6 bxc3 18. bxc3 Ra6 19. Bd5 Rc8 20. h5 Rb6 21. Qd4
Rb1+ 22. Kd2 Rxd1+ 23. Rxd1 Qb5 24. Qb4 Qa6 25. Bb7 1-0

[Event "Eastern Ontario op"]
[Site "Ottawa CAN"]
[Date "2002.06.08"]
[Round "2"]
[White "De Kerpel, Stijn"]
[Black "Pacey, Kevin"]
[Result "0-1"]
[WhiteElo "2146"]
[BlackElo "2358"]
[PlyCount "100"]
[EventDate "2002.06.07"]
[EventType "swiss"]
[EventRounds "5"]
[EventCountry "CAN"]

1. e4 e6 2. d4 d5 3. Nd2 Nc6 4. c3 e5 5. exd5 Qxd5 6. dxe5 Nxe5 7. Ngf3 Nd3+ 8.
Bxd3 Qxd3 9. Qe2+ Qxe2+ 10. Kxe2 Bf5 11. Nd4 Bg6 12. Re1 O-O-O 13. Kf1 Nf6 14.
N2f3 Ne4 15. Ne5 Nc5 16. Bf4 Nd3 17. Nxd3 Bxd3+ 18. Kg1 Bc5 19. Be3 Rde8 20. b4
Bb6 21. h3 Re4 22. f3 Re7 23. Rad1 Bc4 24. a4 Rhe8 25. Kf2 Bb3 26. Ra1 a6 27.
a5 Ba7 28. Rab1 Ba4 29. Ra1 Bd7 30. Rad1 c5 31. bxc5 Bxc5 32. Bf4 Rxe1 33. Rxe1
Rxe1 34. Kxe1 Be7 35. c4 Bc5 36. Be3 Be6 37. Nxe6 Bxe3 38. Nxg7 Bd4 39. Nf5
Bc3+ 40. Kd1 Kd7 41. Kc2 Bxa5 42. Kd3 Bc7 43. Nd4 Kd6 44. h4 Kc5 45. h5 a5 46.
Ne2 a4 47. Nc1 Kb4 48. g4 Bf4 49. Ne2 a3 50. Nd4 a2 0-1

[Event "Eastern Ontario op"]
[Site "Ottawa CAN"]
[Date "2002.06.08"]
[Round "3"]
[White "Pacey, Kevin"]
[Black "Hergott, Deen"]
[Result "0-1"]
[WhiteElo "2358"]
[BlackElo "2469"]
[PlyCount "74"]
[EventDate "2002.06.07"]
[EventType "swiss"]
[EventRounds "5"]
[EventCountry "CAN"]

1. d4 d6 2. e4 g6 3. Nc3 c6 4. f4 d5 5. e5 h5 6. Be3 Nh6 7. h3 Nf5 8. Bf2 h4 9.
Nf3 e6 10. Bd3 b6 11. Qe2 a5 12. O-O Ba6 13. a3 Bxd3 14. Qxd3 Qc8 15. Nd1 Qa6
16. Qd2 c5 17. c3 a4 18. Ne3 Nxe3 19. Qxe3 Nc6 20. Rfd1 Be7 21. Kh2 Na5 22. Qe1
Nb3 23. Rab1 cxd4 24. Bxd4 Rc8 25. Qe3 Rc4 26. Nd2 Nxd4 27. cxd4 Rc2 28. b3 O-O
29. bxa4 Rfc8 30. Rb3 Qxa4 31. Rdb1 Ra2 32. Rc3 Rxc3 33. Qxc3 Qxa3 34. Qc8+ Kg7
35. Rb3 Qa5 36. Nf3 Rxg2+ 37. Kxg2 Qa2+ 0-1

[Event "Eastern Ontario op"]
[Site "Ottawa CAN"]
[Date "2002.06.09"]
[Round "4"]
[White "Gelblum, Robert"]
[Black "Pacey, Kevin"]
[Result "1/2-1/2"]
[WhiteElo "2179"]
[BlackElo "2358"]
[PlyCount "80"]
[EventDate "2002.06.07"]
[EventType "swiss"]
[EventRounds "5"]
[EventCountry "CAN"]

1. e4 e6 2. Nf3 d5 3. Nc3 Nf6 4. e5 Nfd7 5. d4 c5 6. dxc5 Nc6 7. Bf4 Bxc5 8.
Bd3 f6 9. exf6 Qxf6 10. Bg3 O-O 11. O-O Nde5 12. Nxe5 Nxe5 13. Bxh7+ Kxh7 14.
Qh5+ Kg8 15. Qxe5 Qxe5 16. Bxe5 Rf5 17. Bg3 Bd7 18. Kh1 Rc8 19. f3 Bd4 20. Be1
Be5 21. Nd1 d4 22. c3 Bb5 23. Rg1 Be2 24. cxd4 Bxd4 25. Bf2 Bxf2 26. Nxf2 Rc2
27. Rgc1 Rxb2 28. Kg1 Ra5 29. a3 Rb3 30. a4 Rb4 31. Ne4 Rc4 32. Rxc4 Bxc4 33.
Rb1 Bd5 34. Nc3 Bc6 35. Rb4 Rc5 36. Nb5 a5 37. Rb3 Bxb5 38. axb5 Kf7 39. Kf2
Ke7 40. Ke3 b6 1/2-1/2

[Event "Eastern Ontario op"]
[Site "Ottawa CAN"]
[Date "2002.06.09"]
[Round "4"]
[White "Laurin, Marcel"]
[Black "Leimanis, Andris"]
[Result "1-0"]
[WhiteElo "1837"]
[BlackElo "1945"]
[PlyCount "79"]
[EventDate "2002.06.07"]
[EventType "swiss"]
[EventRounds "5"]
[EventCountry "CAN"]
[Source "CFC"]
[SourceDate "2002.08.??"]

1. d4 d5 2. c4 c6 3. cxd5 cxd5 4. Nf3 Nf6 5. Nc3 e6 6. a3 a6 7. Bf4 Bd6 8. Qd2
b5 9. Bxd6 Qxd6 10. Ne5 O-O 11. Rc1 Bb7 12. f3 Nbd7 13. Qf4 b4 14. axb4 Qxb4
15. Nd3 Qa5 16. Kf2 Rac8 17. g4 Qb6 18. e3 Ne8 19. Be2 Qd8 20. h4 f6 21. Qg3
Qe7 22. b4 Nd6 23. Nc5 Nb6 24. Bxa6 Bxa6 25. Nxa6 Ndc4 26. Nc5 Ra8 27. Ra1 e5
28. Rxa8 Rxa8 29. dxe5 fxe5 30. Re1 Ra3 31. Nb5 Ra2+ 32. Re2 Rxe2+ 33. Kxe2 d4
34. exd4 exd4+ 35. Ne4 h6 36. Nbd6 Ne5 37. Kf1 Qe6 38. g5 h5 39. Nf6+ Kh8 40.
Qxe5 1-0

[Event "Eastern Ontario op"]
[Site "Ottawa CAN"]
[Date "2002.06.09"]
[Round "5"]
[White "Pacey, Kevin"]
[Black "Kirby, Patrick"]
[Result "1-0"]
[WhiteElo "2358"]
[BlackElo "2209"]
[PlyCount "59"]
[EventDate "2002.06.07"]
[EventType "swiss"]
[EventRounds "5"]
[EventCountry "CAN"]

1. d4 Nf6 2. c4 e6 3. Nc3 Bb4 4. e3 O-O 5. Bd3 d5 6. Nf3 c5 7. O-O dxc4 8. Bxc4
cxd4 9. exd4 b6 10. a3 Bxc3 11. bxc3 Qc7 12. Qe2 Bb7 13. Bd3 Nd5 14. Ng5 h6 15.
Nh7 Re8 16. Qh5 Nc6 17. Bxh6 gxh6 18. c4 f5 19. cxd5 Qxh7 20. dxc6 Bxc6 21.
Rac1 Bd5 22. Bc4 Red8 23. Bxd5 Rxd5 24. Rc6 Qf7 25. Qxh6 Re8 26. Rc3 Rxd4 27.
f4 Qf8 28. Rg3+ Kf7 29. Qh7+ Kf6 30. Rg6# 1-0

[Event "Edmonton"]
[Site "Edmonton CAN"]
[Date "2002.01.03"]
[Round "1"]
[White "Davies, Bob"]
[Black "Hamblin, Jim"]
[Result "1/2-1/2"]
[WhiteElo "1716"]
[BlackElo "1525"]
[PlyCount "114"]
[EventDate "2002.01.03"]
[EventType "swiss"]
[EventRounds "7"]
[EventCountry "CAN"]
[SourceDate "2003.08.17"]

1. g3 d5 2. Bg2 e5 3. Nf3 Bd6 4. O-O Nf6 5. d3 O-O 6. c4 c6 7. Na3 a6 8. Nc2
Be6 9. Ng5 Nbd7 10. Nxe6 fxe6 11. b3 Qe8 12. Bb2 Qh5 13. h3 Rf7 14. d4 e4 15.
Ba3 Bxa3 16. Nxa3 Raf8 17. Nc2 g5 18. Ne3 g4 19. hxg4 Nxg4 20. Nxg4 Qxg4 21. e3
Qg5 22. Qe2 Nf6 23. Bh3 Re8 24. Rac1 Rg7 25. cxd5 exd5 26. Rc2 h5 27. Kh2 Ng4+
28. Bxg4 hxg4 29. Rh1 Rh7+ 30. Kg2 Ree7 31. Rcc1 Ref7 32. Rcf1 Qf5 33. Rxh7
Rxh7 34. Rh1 Qf3+ 35. Qxf3 exf3+ 36. Kg1 Rxh1+ 37. Kxh1 Kf7 38. Kg1 Kf6 39. Kf1
Kf5 40. Ke1 Ke4 41. Kd2 b6 42. Kc3 a5 43. a3 b5 44. b4 a4 45. Kc2 Kf5 46. Kd3
Kf6 47. e4 dxe4+ 48. Kxe4 Ke6 49. Kf4 Kd5 50. Kxg4 Kc4 51. Kxf3 Kb3 52. g4 Kxa3
53. g5 Kxb4 54. g6 a3 55. g7 a2 56. g8=Q a1=Q 57. Qf8+ Kb3 1/2-1/2

[Event "Edmonton"]
[Site "Edmonton CAN"]
[Date "2002.01.10"]
[Round "2"]
[White "Hamblin, Jim"]
[Black "Newton, Geoff"]
[Result "1-0"]
[WhiteElo "1525"]
[BlackElo "1978"]
[PlyCount "105"]
[EventDate "2002.01.03"]
[EventType "swiss"]
[EventRounds "7"]
[EventCountry "CAN"]
[SourceDate "2003.08.17"]

1. d4 Nf6 2. Nf3 g6 3. c4 c5 4. d5 b5 5. Nc3 bxc4 6. e4 d6 7. Bxc4 Bg7 8. O-O
O-O 9. Be3 Bg4 10. h3 Bxf3 11. Qxf3 Nbd7 12. Qe2 Rb8 13. f4 Qa5 14. Rab1 Rb7
15. Bd2 Rfb8 16. Nd1 Qa4 17. Bc3 Nb6 18. b3 Qd7 19. e5 Nfxd5 20. Bxd5 Nxd5 21.
Bb2 Qf5 22. Ne3 Nxe3 23. Qxe3 c4 24. exd6 Bxb2 25. dxe7 Rxe7 26. Qxe7 Bd4+ 27.
Kh1 c3 28. Qd6 Qb5 29. Qxd4 c2 30. Rbc1 Rc8 31. Rf2 Qf5 32. g4 Qb5 33. Rfxc2
Qb7+ 34. Kh2 Re8 35. b4 Qa8 36. a4 Qf3 37. Qf2 Qb7 38. b5 h6 39. Rc7 Qa8 40.
Rxa7 Qd5 41. Rcc7 Qd1 42. Re7 Rc8 43. Re2 Qd3 44. Rae7 h5 45. Re8+ Rxe8 46.
Rxe8+ Kg7 47. gxh5 g5 48. Re3 Qd1 49. fxg5 f5 50. Qb2+ Kf7 51. Qf6+ Kg8 52.
Re8+ Kh7 53. Qh8# 1-0